00769nam a22002177a 4500999001700000003000900017008004100026040007100067082001800138100002600156245005500182260002400237300002800261440006000289505004200349650002000391650001800411942001600429945000800445952009800453 c20267d20267AR-CdUCM190222b ||||| |||| 00| 0 spa d aMUNICIPALIDAD PROVINCIAL DEL CUSCOcBIBLIOTECA MUNICIPAL DEL CUSCO a869.56/bSA22 aSanchez, Luis Alberto aApuntes para la vida:bDe Alfredo Gonzales Prada / aLima :bGil,c1946. a49 páginas. ;c26 cm. aEdiciones del seminario de la facultad de letras942355 aContenido : Vida y hechos historicos. aBiografía922 aHistoria9136 2ddccLIBROS arcc 002ddc4070aSHbSHcCARTd2019-05-28g25.00o869.56/ SA22pSH0000015481r2019-05-28yLIBROS